000 00867nas a2200289 4500
001 BR2013003983
003 BR-BrBNA
005 20231205122658.0
007 ta
008 230509b bl.|||p| |||| 00| 00por d
040 _aBR-BrBNA
_bpor
_cBiblioteca Nacional de Agricultura
041 _a(Pt)
072 _aH20
100 1 _aCamili, E.C.
100 1 _aBenato, E.A.
100 1 _aPascholati, S.F.
100 1 _aCia, P.
245 1 _aAvaliação de irradiação UV-C aplicada em pós-colheita na proteção de uva 'Italia' contra Botrytis cinerea
650 _aUVA
650 _aFUNGO
650 _aMOFO CINZENTO
650 _aIRRADIAÇÃO
650 _aSÃO PAULO
773 0 _tSumma Phytopathologica (Brazil)
_xISSN 0100-5405
_g(Jul-Sep 2004), v. 30(3) p. 306-313
_wBR2013003983
909 _a202311
_bLúcia
_c55
_dLúcia Elande
942 _2AGRIS
_n0
_cANA
999 _c229941
_d229941